5-kirjaimista maantiedettä #3 - Statistics

Yleistilastot
  • Tätä visaa on pelattu 592 kertaa
  • Keskiarvotulos 14 / 22
Vastaustilastot
Vihje Vastaus % Oikein
Sen paikallinen nimi on Deutschland Saksa
99%
Vatikaanivaltiota ympäröivä kaupunki Rooma
94%
Maailman toiseksi seuratuin uskonto Islam
90%
Yksi Yhdistyneen kuningaskunnan neljästä "maasta" Wales
90%
Valko-Venäjän pääkaupunki Minsk
87%
Maantieteellinen ja historiallinen alue Norjan, Ruotsin, Suomen ja Venäjän pohjoisosissa Lappi
84%
4000 kilometriä pitkä ja vain noin 200 kilometriä leveä valtio Chile
83%
Toinen Intian virallisista kielistä Hindi
83%
Floridan suurin kaupunki ja suosittu lomakohde Miami
83%
Sen pääkaupunki on Kathmandu Nepal
81%
Maailman korkein rakennus sijaitsee tässä kaupungissa Dubai
74%
Portugalin toiseksi suurin kaupunki Porto
71%
Matkailijoiden suosima Kreikan saari, jossa sijaitsi kolossi antiikin aikaan Rodos
67%
Länsi-Australian suurin kaupunki Perth
59%
Ainoa Q:lla alkava pääkaupunki Quito
57%
Bangladeshin pääkaupunki Dhaka
50%
Pääkaupunki lähellä muinaista Karthagon kaupunkia Tunis
41%
Afrikan mantereen läntisin kaupunki Dakar
40%
Yli puolet Israelista kattava aavikko Negev
17%
Kazakstanin, Kiinan, Mongolian ja Venäjän rajamailla sijaitseva vuoristo Altai
16%
Suuri järvi ja joki Ghanassa Volta
11%
Sumatran suurin kaupunki Medan
10%
Ehtoja vastaavia visoja ei löytynyt
Tulosjakauma
Jokaisen tuloksen saaneiden osuus
Persentiili vastausten määrän mukaan
Tuloshistoriasi
Et ole pelannut tätä visaa